| 000 | 00556nam a2200193 a 4500 | ||
|---|---|---|---|
| 005 | 20140310183556.0 | ||
| 008 | 111112s19uu xx 00 eng d | ||
| 020 | _a9788190723633 | ||
| 050 |
_aHD 69.P75 _b.Ab159 2009 |
||
| 100 | _aAbraham, B.R. | ||
| 245 |
_aEffective IT project management : _bwith case studies / _cB.R. Abraham. |
||
| 260 |
_aNew Delhi, India : _bA.K. Publications, _c2009. |
||
| 300 |
_a258 p. : _c22 cm. |
||
| 521 | _aBSBA | ||
| 650 | _aManagement | ||
| 650 | _aInformation Technology | ||
| 942 |
_cBK _2lcc _kFOR |
||
| 999 |
_c25024 _d25024 |
||